Fictional Sports Teams Quiz Stats

Quiz Updated Jun 12, 2012

Also try: Fictional Logos
Challenge
Share
Tweet
Embed
Score 0/28 Timer 10:00
0 Plays Today
Team Name Movie % Correct
The Average JoesDodgeball
85.3%
The Toon SquadSpace Jam
69%
SCLSU Mud DogsWaterboy
67.7%
Urbania Little GiantsLittle Giants
65.6%
Miami SharksAny Given Sunday
62.6%
Flint TropicsSemi-Pro
60.6%
Rancho Carne High School TorosBring It On
58.6%
Milwaukee BeersBASEketball
54.5%
Washington SentinelsThe Replacements
51.5%
Hickory High School HuskersHoosiers
49.3%
Charlestown ChiefsSlap Shot
48.8%
Mystery EskimosMystery, Alaska
38.5%
West Canaan High School CoyotesVarsity Blues
38%
The New York KnightsThe Natural
37.5%
Team Name Movie % Correct
Texas State University ArmadillosNecessary Roughness
24.2%
Western University DolphinsBlue Chips
23.6%
ESU TimberwolvesThe Program
23.2%
Adams College AtomsRevenge of the Nerds
22.9%
Hounslow HarriersBend it Like Beckham
21.1%
Ridgemont WolvesFast Times at Ridgemont High
19.7%
BeaversTeen Wolf
16.4%
John Hughes High School WaspsNot Another Teen Movie
16.2%
Pittsburgh PiscesThe Fish That Saved Pittsburgh
11%
Los Angeles StallionsThe Last Boy Scout
9.4%
Charlotte BansheesJuwanna Mann
8.5%
Miami GatorsBack to the Future II
6.6%
Basin City BluesSin City
4.4%
Park City PiratesLucas
2.3%

You're not logged in!

Compare scores with friends on all Sporcle quizzes.
Join for Free
OR
Log In

You Might Also Like...

Show Comments

Extras

Top Quizzes Today


Score Distribution

Your Account Isn't Verified!

In order to create a playlist on Sporcle, you need to verify the email address you used during registration. Go to your Sporcle Settings to finish the process.

Report this User

Report this user for behavior that violates our Community Guidelines.

Details: